Countries with Missing Consonants #4 - Statistics

General Stats
  • This quiz has been taken 1,067 times
  • The average score is 14 of 21
Answer Stats
Clue Country % Correct
A U _ _ _ A _ I A Australia
100%
_ E _ U Peru
94%
_ I _ I Fiji
93%
_ A _ A U Palau
93%
_ O _ O Togo
92%
U _ A _ _ A Uganda
92%
A _ E _ _ A I _ A _ Azerbaijan
88%
_ U A _ E _ A _ A Guatemala
81%
_ _ I _ O U _ I Djibouti
79%
_ _ A _ Chad
77%
_ _ O A _ I A Croatia
77%
_ _ I _ A China
58%
_ U _ I _ I A Tunisia
58%
_ O _ _ O _ I A Mongolia
54%
_ A _ I _ I A Namibia
54%
_ E _ E _ A _ Senegal
54%
_ E _ A _ U _ Belarus
49%
_ A _ _ A I _ Bahrain
43%
_ A _ A _ _ I A Malaysia
39%
_ A _ _ A _ O _ Barbados
22%
_ A _ _ I _ E _ Maldives
17%
No matching quizzes found
Score Distribution
Percent of People with Each Score
Percentile by Number Answered
Your Score History
You have not taken this quiz